000 00568nam a2200169 a 4500
001 60210
005 20180714061402.0
008 140415s2010 000 0 eng d
020 _a9789264091474
041 _aeng
082 _a371.264
_bPIS
245 0 0 _aPISA 2009 RESULTS :
_bLEARNING TO LEARN: STUDENT ENGAGEMENT, STRATEGIES AND PRACTICES
250 _a1a ed.
260 _aPARIS :
_bOECD,
_c2010,
300 _a27
650 1 4 _aMEDICIONES Y PRUEBAS EDUCATIVAS
_xEVALUACIN EDUCATIVA
_xESTUDIOS INTERCULTURALES
_xADMINISTRACIN ESCOLAR
_xESCOLAR
999 _c60210
_d60210